000 00951nam a2200277 i 4500
001 bg
245 0 0 _aZarządzanie wartością przedsiębiorstwa a alokacja kapitału /
_cpod red. Jerzego Bielinskiego [właśc. Jerzego Bielińskiego].
260 _aWarszawa :
_bCeDeWu,
_c2004.
300 _a283 s. :
_bwykr. ;
_c24 cm.
500 _aNa okł. i s. tyt. błędna nazwa red.
504 _aBibliogr. po rozdz.
650 9 _aPrzedsiębiorstwo
_xekonomika
650 9 _aPrzedsiębiorstwo
_xfinanse
_xzarządzanie
650 9 _aWartość ekonomiczna
_xzarządzanie
_xmetody
650 9 _aAlokacja kapitału
650 9 _aInwestycje
700 1 _aBIELIŃSKI, Jerzy.
_eRed.
020 _a8387885517
040 _cBPK
041 0 _apol
080 _a658.14/.17.012.4:336.76
920 _a83-87885-51-7
942 _cKS
008 s pl f |000 0 pol
999 _c44520
_d44520
856 _uhttp://koha.tu.koszalin.pl/cgi-bin/koha/opac-detail.pl?biblionumber=44520
_yKatalog online BPK